|
|
|
|
| LEADER |
01237nam a2200289 a 4500 |
| 001 |
6310 |
| 003 |
BD-DhAAL |
| 005 |
20150308114333.0 |
| 008 |
150308s1994 nyu b 001 0 eng |
| 010 |
|
|
|a 93028837
|
| 020 |
|
|
|a 0393035972 :
|c $23.00 ($27.99 Can.)
|
| 040 |
|
|
|a DLC
|c DLC
|d DLC
|d BD-DhAAL
|
| 050 |
0 |
0 |
|a HD70.U5
|b W38 1994
|
| 082 |
0 |
0 |
|a 658.5
|2 20
|
| 100 |
1 |
|
|a Waterman, Robert H.
|9 9204
|
| 245 |
1 |
0 |
|a What America does right :
|b learning from companies that put people first /
|c Robert H. Waterman, Jr.
|
| 250 |
|
|
|a 1st ed.
|
| 260 |
|
|
|a New York :
|b Norton,
|c c1994.
|
| 300 |
|
|
|a 318 p. ;
|c 24 cm.
|
| 504 |
|
|
|a Includes bibliographical references (p. 303-306) and index.
|
| 541 |
|
|
|e 6310
|
| 650 |
|
0 |
|a Industrial management
|z United States
|x Case studies.
|9 9205
|
| 650 |
|
0 |
|a Technological innovations
|z United States
|x Case studies.
|9 9206
|
| 942 |
|
|
|2 ddc
|c BK
|
| 999 |
|
|
|c 33923
|d 33923
|
| 952 |
|
|
|0 0
|1 0
|2 ddc
|4 0
|6 658_500000000000000_WAT
|7 0
|9 52949
|a SCL
|b SCL
|c GEN
|d 2015-03-08
|e Gift: The Asia Foundation
|l 0
|o 658.5 WAT
|p 3020006310
|r 2015-03-08
|t 1
|w 2015-03-08
|y BK
|
| 952 |
|
|
|0 0
|1 0
|2 ddc
|4 0
|6 658_500000000000000_WAT
|7 0
|9 54113
|a SCL
|b SCL
|c GEN
|d 2015-06-08
|e Gift: The Asia Foundation
|l 0
|o 658.5 WAT
|p 3020000919
|r 2015-06-08
|t 2
|w 2015-06-08
|y BK
|